| 000 | 00918nam a2200301Ia 4500 | ||
|---|---|---|---|
| 008 | 170203s9999 xx 000 0 und d | ||
| 020 | _a0-439204240 | ||
| 050 | _aFic | ||
| 050 | _b.C689e 2001 | ||
| 100 | _aCarmi, Rebecca | ||
| 245 | _aExpedition down under / | ||
| 245 | _cwritten by Rebecca Carmi ; illustrations by John Speirs. | ||
| 260 | _aNew York : | ||
| 260 | _bScholastic Inc. | ||
| 260 | _c2001 | ||
| 300 | _a91 pages; | ||
| 300 | _billustrations ; | ||
| 300 | _c20 cm. | ||
| 440 | _a Magic School Bus science chapter book. | ||
| 440 | _v#10 | ||
| 500 | _a "Based on the magic school bus books written by Joanna Cole and illustrated by Bruce Degen"--Title page verso. | ||
| 650 | _aFrizzle, Ms. (Fictitious character) -- | ||
| 650 | _aMagic -- | ||
| 650 | _aSchools -- | ||
| 650 | _xJuvenile literature. | ||
| 650 | _xJuvenile literature. | ||
| 650 | _xJuvenile literature. | ||
| 999 |
_c306145 _d306145 |
||